| 000 | 00749nam a2200193 4500 | ||
|---|---|---|---|
| 001 | 22404 | ||
| 005 | 20230410143311.0 | ||
| 008 | 060907n1998 dr spa | ||
| 020 | _a8481553697 | ||
| 035 | _9funglode22567 | ||
| 041 | _aES | ||
| 050 | 1 | 4 | _aRosa |
| 110 | _aOÑATI International Institute for the Sociology of Law | ||
| 245 | 1 |
_aTransformaciones del Estado y del derecho contemporáneo : _bnuevas perspectivas de la investigación socio-jurídica / _ccoordinadoras: Encarna Bodelón González, Teresa Picontó Novales |
|
| 260 |
_aGipuzkoa, Spain : _bOÑATI International Institute for the Sociology of Law, _c1998 |
||
| 300 | _a316 p. | ||
| 700 | _aBodelón González, Encarna \ Picontó Novales, Teresa | ||
| 942 |
_2lcc _cbk |
||
| 999 |
_c99092 _d99092 |
||